Hauptstädte mit einem Vokal - Statistiken

Allgemein
  • Dieses Quiz wurde 105 mal gespielt
    40 seit der letzten Aktualisierung
  • Das Durchschnittsergebnis liegt bei 15 aus 31
Antwortstatistiken
Antwort % Korrekt
Prag
90%
Oslo
87%
Bern
81%
Rom
81%
London
77%
Ankara
61%
Minsk
58%
Panama-Stadt
55%
Sana’a
55%
Rabat
52%
Stockholm
52%
Accra
48%
Asmara
48%
Bagdad
48%
Dakar
45%
Dhaka
45%
Manama
45%
Astana
42%
Dili
42%
Havanna
42%
Jakarta
42%
Amman
39%
Caracas
35%
Maskat
35%
Aşgabat
32%
Tiflis
32%
Porto-Novo
29%
Kampala
26%
Kapstadt
23%
La Paz
19%
Colombo
13%
Keine übereinstimmenden Quizze gefunden
Verteilung der Resultate
Anzahl Personen mit jedem Resultat
Perzentil nach korrekt beantworteten Fragen
Ihre Resultats-Entwicklung
Sie haben dieses Quiz seit der letzten Aktualisierung nicht gespielt